Economic policies and attractiveness for foreign capital <the> experience of highly indebted Latin American countries

Guardado en:
Detalles Bibliográficos
Autor principal: Nunnenkamp, Peter
Formato: Libro
Lenguaje:inglés
Publicado: Kiel Institut für Weltwirtschaft 1992
Colección:Kiel working papers no. 539
Materias:
Etiquetas: Agregar Etiqueta
Sin Etiquetas, Sea el primero en etiquetar este registro!

MARC

LEADER 00000nam a2200000 4500
001 c100484
005 20221123101610.4
022 |a 0342-0787 
041 0 |a eng 
044 |a DE 
245 1 0 |a Economic policies and attractiveness for foreign capital  |b <the> experience of highly indebted Latin American countries  |c by Peter Nunnenkamp 
264 1 |a Kiel  |b Institut für Weltwirtschaft  |c 1992 
300 |a 28 s. 
490 1 |a Kiel working papers  |v no. 539 
830 0 |a Kiel working papers  |v no. 539 
610 2 0 |a politika hospodárska 
610 2 0 |a kapitál zahraničný 
610 2 0 |a zadlženosť zahraničná 
610 2 0 |a krajiny rozvojové 
610 2 0 |a investície priame zahraničné 
610 2 0 |a trh kapitálový medzinárodný 
610 2 0 |a Argentína 
610 2 0 |a Brazília 
610 2 0 |a Čile 
610 2 0 |a Mexiko 
610 2 0 |a Latinská Amerika 
100 1 |a Nunnenkamp, Peter